| 000 | 00000nam##2200000za#4500 |
| 001 | 9.694872 |
| 003 | CaOODSP |
| 005 | 20210624234322 |
| 007 | cr ||||||||||| |
| 008 | 150407|2008||||xxc|||||o f|0| 0 eng|d |
| 040 | |aCaOODSP|beng |
| 043 | |an-cn--- |
| 086 | 1 |aSR5-2/2008E-PDF |
| 110 | 1 |aCanada.|bPublic Service Labour Relations Board. |
| 245 | 10|aTechnical services compensation comparability study |h[electronic resource] |
| 260 | |aOttawa - Ontario : |bPublic Service Labour Relations Board |cApril 2008. |
| 300 | |a173p.|bglossary, tables |
| 590 | |a11-14-Supp|b2011-08-12 |
| 775 | 08|tÉtude de comparabilité de la rémunération dans le domaine des services techniques |w(CaOODSP)9.639041 |
| 856 | 40|ahttp://publications.gc.ca|qPDF|s1679 KB|uhttps://publications.gc.ca/collections/collection_2011/crtfp-pslrb/SR5-2-2008-eng.pdf |